000 00376nam a2200121Ia 4500
008 231129s2007||||xx |||||||||||||| ||spa||
020 _a978-958-773-143-9
082 _a(i) H861.08 L579s
245 0 _aSemillas del canto: mujeres latinoamericanas en el poesí­a
260 _c2007
264 _aBogotá: Semillas del Canto
942 _2ddc
_cBKS
999 _c24458
_d24458